Statistics for Countries in Central America in a Minute

Click here to take the quiz!

General Stats

  • This quiz has been taken 524 times
  • The average score is 14 of 21

Answer Stats

Answer% Correct
Panama
87%
Honduras
83%
Belize
81%
El Salvador
81%
Costa Rica
80%
Guatemala
79%
Cuba
76%
Nicaragua
76%
Haiti
73%
Jamaica
70%
Dominica
68%
Bahamas
65%
Dominican Republic
57%
Mexico
57%
Antigua and Barbuda
52%
Trinidad and Tobago
52%
Barbados
51%
Saint Kitts and Nevis
51%
Saint lucia
51%
Saint Vincent and Grenadines
48%
Grenada
42%

Score Distribution

Percentile by Number Answered

Percent of People with Each Score

Your Score History

You have not taken this quiz